00526nam a2200157Ia 4500003000900000008004100009040001600050080001800066100001800084245011500102260003600217300001500253650002800268650004100296650003100337IN-BaIIA211028s9999 xx 000 0 eng d cIIA Library a(05)52bANN-2 aGoldberg, Leo 0aAnnual review of astronomy and astrophysicsbvol. 2cLeo Goldberg  aPalo AltobAnnual Reviewsc1964 avii, 462p. aAstronomy - Periodicals aAstronomy and astrophysics thesaurus aAstrophysics - Periodicals